| 000 | 00429nam a2200181Ia 4500 | ||
|---|---|---|---|
| 001 | 3101 | ||
| 005 | 20260306144856.0 | ||
| 008 | 260306t2009||||xx |||||||||||||| ||spa|| | ||
| 041 | _aESP | ||
| 082 |
_a251.67 _bB35 |
||
| 100 |
_aBedoya Forga, Eduardo, _eAUT |
||
| 245 | 0 | _aPuerta abierta entre dos mundos | |
| 260 | _c2009 | ||
| 300 |
_a145 páginas : _c23 cm. |
||
| 650 | _aGEN | ||
| 654 | _aCHU | ||
| 942 |
_cLIB _dJUS _fJUS _2ddc _n |
||
| 999 |
_c3101 _d3101 |
||